000 00591nam a2200181 4500
001 127415
003 ES-MaACL
005 20230906193019.0
007 t|
008 070214s1973 sp r ||||1| cat d
100 1 _aRiera, Miquel Angel.
_997114
245 1 0 _aFuita i martiri de Sant Andreu Mila /
_cMiquel Angel Riera ; proleg de Josep Maria Llompart ; epileg de Jaume Santandreu.
260 _aPalma de Mallorca :
_bMoll,
_c1973.
300 _a175 p. ;
_c19 cm.
700 1 _aLlompart, Josep M.
_972812
700 1 _aSantandreu, Jaume.
_9103336
852 _aES-MaACL
_jC-53086
_bR.85697
999 _c127415
_d127415